00661nam a2200205Ia 4500003000900000008004100009020001800050040001600068080001700084110002000101245009400121260003700215300001000252490002500262650002500287650002500312942000700337999001700344952009400361IN-BaIIA211028s9999 xx 000 0 eng d a0-7054-0972-4 cIIA Library a03:93bTLB-4 aTime Life Books 2aA soaring spirit 600-400 BCcTime-Life Books  aAmsterdambTime-Life Booksc1988 a176p. aHistory of the world aHistory-World922134 aWorld history922135 cBK c12635d12635 00104070aBANbBANcGENd1998-09-14l0o03:93/ TLB-4p13552r2021-11-05w1998-09-14yBK